00404nam a2200109Ia 4500008004000000082001700040100003500057245005800092260003300150300001500183650009600198210210b1992 xxu||||| |||| 00| 0 eng d a332.076 VARM aVARMA (M M) and AGARWAL (R K). aMoney banking international trade and public finance. aNDbForward book depotc1992 avi,B133-I9 aInternational trade & public finance question & answers Money & banking question & answers